banner-ar

قدماء المصريين الاغريق : بحث فى العلاقات بين الشعبين من اقدم الازمنة الى نهاية الدولة الحدية / (Record no. 36473)

MARC details
000 -الفاتح
حقل البيانات ثابتة الطول 00924nam a2200253Ia 4500
008 - عناصر البيانات ثابتة الطول - معلومات عامة
حقل البيانات ثابتة الطول 140319s9999 xx 000 0 ara d
040 ## - مصدر الفهرسة
وكالة الفهرسة الأصلية GCL /
وكالة النسخ GCL
082 04 - رقم تصنيف ديوى العشرى
رقم التصنيف ق
رقم المادة 327.62
-- ف ق
100 1# - المدخل الرئيسى - إسم شخصى
الإسم الشخصى محمد صقر خفاجة
245 10 - بيان العنوان
العنوان قدماء المصريين الاغريق : بحث فى العلاقات بين الشعبين من اقدم الازمنة الى نهاية الدولة الحدية /
بيان المسئوليه,etc محمد صقر خفاجة
700 1# - المدخل الاضافى - اسم شخصى
الإسم الشخصى فركوتية جان
700 1# - المدخل الاضافى - اسم شخصى
الإسم الشخصى محمد على كمال الدين (مترجم)
700 1# - المدخل الاضافى - اسم شخصى
الإسم الشخصى كمال دسوقى
300 ## - الوصف المادى
التعداد 136 ص
490 ## - بيان السلسلة
عنوان السلسلة
650 04 - المدخل الاضافى بالموضوع-مصطلح موضوعى
مصطلح موضوعي مصر القديمة
650 04 - المدخل الاضافى بالموضوع-مصطلح موضوعى
مصطلح موضوعي العلاقات الخارجية
650 04 - المدخل الاضافى بالموضوع-مصطلح موضوعى
مصطلح موضوعي الفراعنة
650 04 - المدخل الاضافى بالموضوع-مصطلح موضوعى
مصطلح موضوعي الحضارة الاغريقية
650 04 - المدخل الاضافى بالموضوع-مصطلح موضوعى
مصطلح موضوعي قدماء المصريين
942 ## - عناصر المدخل الإضافي( كوها)
مصدر التصنيف او مخطط الترفيف Dewey Decimal Classification
Koha [default] item type كتاب
260 ## - PUBLICATION, DISTRIBUTION, ETC. (IMPRINT)
-- [S.N] :
-- دار النهضة العربية
Holdings
حالة التراجع حالة الفقد حالة تلف ليس للاعارة المكان المؤقت الموقع الحالى تاريخ الاكتساب اجمالي اﻻعارات رقم الطلب الباركود تاريخ اخر مشاهدة تاريخ تفعيل السعر نوع وعاء كوها
        مكتبة القاهرة الكبرى مكتبة القاهرة الكبرى 03/26/2014   ق\327.62\ف ق 88699 10/05/2022 03/26/2014 كتاب

Powered By

EGPV